Cómputo de votos y candidaturas elecciones municipales diciembre 2010. alcaldías, síndicos (as), concejales de distrito, intendentes y concejales municipales de distrito /
Պահպանված է:
| Համատեղ հեղինակ: | |
|---|---|
| Ձևաչափ: | Տեքստ |
| Լեզու: | Spanish |
| Խորագրեր: | |
| Ցուցիչներ: |
Ավելացրեք ցուցիչ
Չկան պիտակներ, Եղեք առաջինը, ով նշում է այս գրառումը!
|
MARC
| LEADER | 00000 a a2200000 04500 | ||
|---|---|---|---|
| 001 | 42822 | ||
| 003 | cru CIDCACS/IIS | ||
| 005 | 20231018151142.0 | ||
| 008 | 170331b xxu||||| |||| 00| 0 spa d | ||
| 040 | |c cru CIDCACS/IIS |a cru CIDCACS/IIS | ||
| 090 | |a 04.04.02 C837c 2010 | ||
| 110 | |a Costa Rica. |b Tribunal Supremo de Elecciones | ||
| 245 | |a Cómputo de votos y candidaturas elecciones municipales diciembre 2010. |b alcaldías, síndicos (as), concejales de distrito, intendentes y concejales municipales de distrito / |c Tribunal Supremo de Elecciones de Costa Rica | ||
| 650 | |a ELECCIONES | ||
| 650 | |a VOTACION | ||
| 650 | |a COSTA RICA | ||
| 650 | |a SISTEMAS ELECTORALES | ||
| 650 | |a PODER LEGISLATIVO | ||
| 650 | |a PODER EJECUTIVO | ||
| 650 | |a GOBIERNO LOCAL | ||
| 651 | 1 | 0 | |9 32 |a COSTA RICA |
| 773 | |g número1 (2006) | ||
| 942 | |2 z |c LI |h 04.04.02 C837c 2010 |i 14085 |6 040402_C837C_2010_14085 | ||
| 999 | |c 19108 |d 19108 | ||
